1536 1242 1398 1688 1817 1632 1870 1261 1160 1460 1934 1535 1589 1088 1860 1278 1443 1394 1386 1501 1403 1077 1592 1953 1615 1512 1115 1803 1264 1338 1090 1520 1137 1374 1996 1727 1008 1672 1142 1352 1036 1307 1912 1856 1000 1299 1811 1624 1733 1473 1875 1126 1003 1482 1422 1905 1699 1610 1321 1787 1660 1413 1907 1420 1035 1367 1092 1793 1292 1242 1109 1172 1357 1420 1248 1000 1294 1380 1451 1840 1694 1397 1701 1883 1464 1707 1270 1382 1662 1306 1008 1820 1721 1503 1000 1659 1549 1480 1244 BCNSPRNW ULIB Ver.6.0+V

เปลี่ยนเป็นภาษาไทย

Change to English
 แสดงรายละเอียดบรรณานุกรม
  กลับหน้าหลัก

Brief Record : Get Marc (ISO 2709) : E-mail record : QR code < ปิดหน้าต่าง
LEADER : 00000nam 2200000uu 4500
001    13399114844
003     ULIB
008    020711s2549 th a 000 0 tha d
099    ^aวจ.WC503^bย546ก
100    ^aเยาวลักษณ์ มหาสิทธิวัฒน์
245    ^aการพัฒนาหลักสูตรเสริมทักษะการดูแลติดเชื้อ เอชไอวี/เอดส์ สำหรับนักศึกษาพยาบาลศาสตร์บัณฑิต/^cเยาวลักษณ์ มหาสิทธิวัฒน์
260    ^aพะเยา :^bวิทยาลัยพยาบาล บรมราชชนนี พะเยา,^c2549
650    การดูแลผู้ติดเชื้อเอชไอวี
945    ^p0^l0^i020664
999    ^aวรรณษา ชูชัยมงคล
รายการนี้ยังไม่มีแท็ก
คุณยังไม่ได้ล็อกอิน คุณสามารถมีกิจกรรมร่วมกับเว็บไซต์ได้ แต่ต้องล็อกอินก่อน ::
  ล็อกอิน

รายการสื่อสารสนเทศ

ลำดับที่ ประเภท เลขเรียก/บาร์โค้ด สถานที่ สถานะ
1. งานวิจัย
งานวิจัย
วจ.WC503 ย546ก ฉ.1 
  Barcode: 020664
ห้องสมุดวิทยาเขตสวรรค์ประชารักษ์
►วิจัย
บนชั้น

BibComment


ยังไม่เคยถูกคอมเมนท์

คอมเมนท์ทรัพยากรรายการนี้
  คอมเมนท์: การพัฒนาหลักสูตร..


 Copyright 2026. Bcnsprnw @Library